BIBLIOTECA PODER JUDICIAL
Portal Judicial TDF

Violencia de género en el ámbito institucional de la Iglesia católica : (Registro nro. 6223)

000 -LEADER
fixed length control field 01236nab a22002297a 4500
003 - CONTROL NUMBER IDENTIFIER
control field OSt
005 - DATE AND TIME OF LATEST TRANSACTION
control field 20260126013635.0
008 - FIXED-LENGTH DATA ELEMENTS--GENERAL INFORMATION
fixed length control field 190514b xxu||||| |||| 00| 0 spa d
040 ## - CATALOGING SOURCE
Transcribing agency PJ
100 ## - MAIN ENTRY--PERSONAL NAME
9 (RLIN) 6946
Personal name Pereyra, Florencia
245 10 - TITLE STATEMENT
Title Violencia de género en el ámbito institucional de la Iglesia católica :
Remainder of title un fenómeno reiterado, una sentencia histórica /
Statement of responsibility, etc Florencia Pereyra, Emiliano Capogrossi.
300 ## - PHYSICAL DESCRIPTION
Extent p. 215-224
500 ## - GENERAL NOTE
General note Cita: TR LALEY AR/DOC/2121/2024.
505 ## - FORMATTED CONTENTS NOTE
Formatted contents note Sumario: I. Palabras preliminares.— II. El caso.— III. Los argumentos del tribunal.— IV. Conclusión.
505 ## - FORMATTED CONTENTS NOTE
Title Fallo comentado: JViol. Fliar y de Género Nro. 3, Salta ~ 03/04/2024 ~ Monasterio San Bernardo de Carmelitas Descalzas c. Cargnello, Mario Antonio; De Elizalde, Martín; Ajaya, Lucio Francisco; Pinto y de Sancristóval, Loyola s/ violencia de género.
650 #0 - SUBJECT ADDED ENTRY--TOPICAL TERM
9 (RLIN) 967
Topical term or geographic name as entry element DERECHO DE FAMILIA
650 #0 - SUBJECT ADDED ENTRY--TOPICAL TERM
9 (RLIN) 3053
Topical term or geographic name as entry element VIOLENCIA DE GÉNERO
650 #0 - SUBJECT ADDED ENTRY--TOPICAL TERM
9 (RLIN) 1057
Topical term or geographic name as entry element JURISPRUDENCIA APLICABLE
700 ## - ADDED ENTRY--PERSONAL NAME
9 (RLIN) 6945
Personal name Squizzato, Susana M.
773 0# - HOST ITEM ENTRY
Host Biblionumber 2844
Host Itemnumber 3222
Place, publisher, and date of publication Buenos Aires : AbeledoPerrot, 1989-
Title Derecho de familia. Revista Interdisciplinaria de doctrina y jurisprudencia. Octubre 2024-V.
International Standard Book Number 18511201
942 ## - ADDED ENTRY ELEMENTS (KOHA)
Source of classification or shelving scheme
Koha item type Analítica Artículo de Revista

No hay ítems disponibles.

12 de Octubre 789 Ushuaia - Tel:  54(02901)441571
Horario de Atención: 8.00 a 17.00 hs. 
bibliotecaush@justierradelfuego.gov.ar
koha@justierradelfuego.gov.ar
Seguinos en nuestras redes @bibliojustdf 

Con tecnología Koha